Automatizace
Gespeichert in:
| Format: | Schriftenreihe |
|---|---|
| Sprache: | Tschechisch |
| Veröffentlicht: |
Praha
Automatizace
|
| Schlagworte: | |
| Tags: |
Keine Tags, Fügen Sie das erste Tag hinzu!
|
MARC
| LEADER | 00000nas1a22000001 4500 | ||
|---|---|---|---|
| 001 | s120087 | ||
| 005 | 20230424135155.0 | ||
| 022 | |a 0005-125X | ||
| 041 | 0 | |a cze | |
| 044 | |a CZ | ||
| 245 | 1 | 0 | |a Automatizace |
| 264 | 1 | |a Praha |b Automatizace | |
| 610 | 2 | 0 | |a systémy riadenia automatizované |
| 610 | 2 | 0 | |a automatizácia |